| 000 | 00995 a2200181 4500 | ||
|---|---|---|---|
| 001 | 130983 | ||
| 020 | _a85-02-02449-3 | ||
| 040 | _cLeonardo Da Vinci | ||
| 041 | _aPortuguês | ||
| 082 |
_a910 L967g _bL967g |
||
| 100 | _aLUCCI, Elian Alabi | ||
| 245 |
_aGeografia _bo homem no espaço global |
||
| 260 |
_bSaraiva _c1997 _aSão Paulo |
||
| 300 | _a400 | ||
| 362 | _a19970000 | ||
| 697 |
_aGeografia _aCapitalismo _aRevolução Industrial _aImperalismo _aPrimeira Guerra Mundial _aSocialismo _aTaylorismo _aFordismo _aSegunda Guerra Mundial _aPlano Marshall _aGeopolítica _aOrdem Bipolar _aOrdem Multibipolar _aNova Ordem Internacional _aGlobalização _aGuerra Fria _aIndustrialização _aEnergia _aAgricultura _aPopulação _aUrbanização _aMigração _aÊxodo rural _aMeio ambiente _aPoluição _aEfeito estufa _aLixo _aCamada de ozônio _aChuva ácida _aSaneamento básico _aFuso horário _aCartografia _aTerra _aRelevo _aSolos _aVegetação _aClima _aEl Nino _aHidrosfera _aOceano _aRio _aLago _aEnsino Médio |
||
| 942 | _cBK | ||
| 999 |
_c130983 _d130983 |
||